000 00493nam a22001817a 4500
003 CEME
005 20210628203149.0
008 210122b xxu||||| |||| 00| 0 eng d
020 _a3-540-25993-7
040 _c.
082 _a005.1 VAL
100 _aBiffl, Stefan, Aurum, Aybuke, Erdogmus, H
_963712
245 _aValue based software engineering
260 _aNEW YORK
_bSPRINGER
_c2006
300 _aXXII,388 P
650 _aSOFTWARE ENGINEERING-VALUE BASED.
_963713
942 _cBK
_2ddc
999 _c572445
_d572445